00793nam a2200253 a 450000100060000000300090000600800410001502000180005604000280007404100080010208200170011010000330012724500700016025000110023026000490024130000110029049000320030150000270033365000290036065000350038965000280042465000460045265000410049824500CO-ViMGA141112s2004 ck r 000 u spa d a9789587381085 aCO-ViMGAbspacCO-ViMGA aSPA04a346.015 M22d1 aMedina Pabón, Juan Enrique10aDerecho civil. Derecho de familia / cJuan Enrique Medina Pabón a2a ed. aBogotá : bUniversidad del Rosario, c2010 a903 p. aLecciones de jurisprudencia aIncluye bibliografía14aDERECHO CIVIL - COLOMBIA14aDERECHO DE FAMILIA - COLOMBIA 14aDIVORCIO - LEGISLACION 14aFAMILIA - ASPECTOS JURIDISCOS - COLOMBIA 14aMATRIMONIO - LEGISLACION - COLOMBIA